• 首页
  • 本馆介绍
  • 公告通知
  • 最新文献
  • 馆藏检索
  • 电子资源
  • 读者导购
  • 参考咨询
  • 我的图书馆
  • 登录
  • 详细信息显示
  • 放入我的书架
  • 预约/预借图书
  • 作者相关作品
  • 分类相关作品
  • 丛书相关作品
  • 出版社相关作品

书目信息

  • 表格格式
  • 工作单格式
  • 卡片格式
题名:
洞见
    
 
作者: 赖特 著 ;宋伟 译
分册:  
出版信息: 北京   北京联合出版公司  2020.09
页数: 300页
开本: 24cm
丛书名:
单 册:
中图分类: B-49
科图分类:
主题词: 哲学--zhe xue--通俗读物
电子资源:
ISBN: 978-7-5596-3616-4
000 01080nam0 2200253 450
001 0109110031
005 20201109161223.64
010    @a978-7-5596-3616-4@b精装@dCNY78.00
100    @a20200911d2020 em y0chiy50 ea
101 1  @achi@ceng
102    @aCN@b110000
105    @ay z 000yy
106    @ar
200 1  @a洞见@Adong jian@e从科学到哲学,打开人类的认知真相@f(美)罗伯特·赖特著@g宋伟译
210    @a北京@c北京联合出版公司@d2020.09
215    @a300页@d24cm
330    @a这是一本通过进化心理学理论来印证佛学观点,进而帮助人们发现更真实的自我、收获人生大智慧的哲学类书籍。本书是美国进化心理学家、全球百位最具影响力思想家之一的罗伯特·赖特多年研究与实践所成,书中以一个现代人的视角,通过进化心理学的知识求证佛陀当初说的关于人类的5大认知真相。
517 1  @a从科学到哲学,打开人类的认知真相@Acong ke xue dao zhe xue, da kai ren lei de ren zhi zhen xiang
606 0  @a哲学@Azhe xue@j通俗读物
690    @aB-49@v5
701  1 @c(美)@a赖特@Alai te@c(Wright, Robert)@4著
702  0 @a宋伟@Asong wei@4译
801  0 @aCN@bBJSZM@c20201103
905    @b1264411-5@dB-49@e106@f5
    
    洞见:从科学到哲学,打开人类的认知真相/(美)罗伯特·赖特著/宋伟译.-北京:北京联合出版公司,2020.09
    300页;24cm
    
    
    ISBN 978-7-5596-3616-4(精装):CNY78.00
    这是一本通过进化心理学理论来印证佛学观点,进而帮助人们发现更真实的自我、收获人生大智慧的哲学类书籍。本书是美国进化心理学家、全球百位最具影响力思想家之一的罗伯特·赖特多年研究与实践所成,书中以一个现代人的视角,通过进化心理学的知识求证佛陀当初说的关于人类的5大认知真相。
●
相关链接 在E读中查询图书 在五车中查询图书 在当当中查询图书 在豆瓣中查询图书


正题名:洞见     索取号:B-49/106         预约/预借

序号 登录号 条形码 馆藏地/架位号 状态 备注
1 1264411   212644110   第一样本阅览室/ [索取号:B-49/106] 在馆    
2 1264412   212644129   教育系资料室/ [索取号:B-49/106] 在馆    
3 1264413   212644138   教育系资料室/ [索取号:B-49/106] 在馆    
4 1264414   212644147   第一借阅区/ [索取号:B-49/106] 在馆    
5 1264415   212644156   第一借阅区/ [索取号:B-49/106] 在馆    
唐山师范学院图书馆 欢迎您!
大连网信软件有限公司© 版权所有